Horror Movie Franchises #34: Underworld - Statistics

General Stats
  • This quiz has been taken 7 times
  • The average score is 5 of 6
Answer Stats
Movie % Correct
Underworld
100%
Underworld: Blood Wars
100%
Underworld: Rise of the Lycans
100%
Underworld: Awakening
75%
Underworld: Evolution
75%
Underworld: Endless War
25%
No matching quizzes found
Score Distribution
Percent of People with Each Score
Percentile by Number Answered
Your Score History
You have not taken this quiz